| 000 | 01233cam a2200289 a 4500 | ||
|---|---|---|---|
| 001 | 1967 | ||
| 003 | FISKH | ||
| 005 | 20260106120408.0 | ||
| 008 | 100712s2012 nyua j b 001 0 eng | ||
| 010 | _a 2010028726 | ||
| 020 | _a9780545536776 | ||
| 040 |
_aDLC _cDLC _dDLC _beng |
||
| 043 | _an-us-ma | ||
| 050 | 0 | 0 |
_aE215.7 _b.F74 2012 |
| 082 | 0 | 0 |
_a973.3/115 _222 |
| 100 | 1 | _aFreedman, Russell. | |
| 245 | 1 | 4 |
_aThe Boston Tea Party / _cby Russell Freeman ; illustrated by Peter Malone. |
| 260 |
_aNew York : _bScholastic, _c2012. |
||
| 300 |
_a39 pages : _bcolor illustrations; _c28 cm |
||
| 520 | _aTells the story of the Boston Tea Party of 1773 from the arrival of the ships full of controversial taxed tea in Boston Harbor, through the explosive protest meetings at the Old South Church, to the defiant act of dumping 226 chests of fine tea into the harbor on December 16. | ||
| 521 | 8 |
_a1130
_bLexile NC |
|
| 650 | 0 |
_aBoston Tea Party, Boston, Mass., 1773 _vJuvenile literature. |
|
| 700 | 1 |
_aMalone, Peter, _d1953- _eillustrator |
|
| 906 |
_a7 _bcbc _corignew _d1 _eecip _f20 _gy-gencatlg |
||
| 942 |
_2ddc _cBK _n0 |
||
| 999 |
_c1967 _d1967 |
||